De la Tierra a Halley (Registro nro. 12514)

Detalles MARC
000 -LIDER
fixed length control field 00805nam a2200301 i 4500
001 - NÚMERO DE CONTROL
Identificador de número de control
003 - IDENTIFICACDOR DE NÚMERO DE CONTROL
control field DO-SdBNP
005 - DATE AND TIME OF LATEST TRANSACTION
control field 20170118111500.0
008 - ELEMENTOS DE LONGITUD FIJA
fixed length control field 901214s1989 sp spa
016 7# - NO. DE CONTROL DE LA AGENCIA BIB. NACIONAL
Record control number
Canceled/invalid record control number
Source BPMSU
017 ## - NÚMERO DE REGISTRO DE DERECHOS DE AUTOR
Copyright or legal deposit number
Assigning agency
020 ## - ISBN
International Standard Book Number 8434825260
035 ## - NÚMERO LOCAL
System control number (OCoLC)
040 ## - FUENTE DE CATALOGACIÓN
Agencia que crea de manera original el registro BPMSU
Idioma de catalogación spa
Agencia que realiza la transcripción BPMSU
Convenciones de la despripción
080 #0 - NÚMERO DE CLASIFICACIÓN DECIMAL UNIVERSAL
Universal Decimal Classification number
100 1# - ASIENTO PRINCIPAL -- NOMBRE PERSONAL
Nombre personal Baquedano, Lucía
Fechas asociadas con el nombre 1938-
245 10 - MENCIÓN DE TITULO
Título De la Tierra a Halley
Medio (Designación general de material)
Mención de responsabilidad Lucía Baquedano ; ilustraciones, Pablo Núñez
250 ## - MENCIÓN DE EDICION
Mención de edición 3a. ed.
260 ## - PUBLICACIÓN, DISTRIBUCIÓN, ETC. (PIE DE IMPRENTA)
Lugar de publicación, distribución, etc Madrid :
Nombre del editor, distribuidor, etc. SM,
Fecha de publicación, distribución, etc 1989
300 ## - DESCRIPCIÓN FÍSICA
Extensión 125 p. :
Otros detalles físicos il.;
Dimensiones 17 cm
440 #0 - MENCIÓN DE SERIE/ENTRADA SECUNDARIA--TÍTULO
Título Catamarán
Número de volumen/designación secuencial 10
490 ## - MENCIÓN DE SERIES
Mención de serie Catamarán
Volume/sequential designation 10
500 ## - NOTA GENERAL
Materiales especificados A partir de 9 años
700 1# - ASIENTO SECUNDARIO -- NOMBRE PERSONAL
Nombre personal Núñez, Pablo
Fechas asociadas con el nombre 1963-
830 ## - ASIENTO SECUNDARIO DE SERIE--TÍTULO UNIFORME
Título uniforme Catamarán
Volume number/sequential designation 10
942 ## - ADDED ENTRY ELEMENTS (KOHA)
Source of classification or shelving scheme Dewey Decimal Classification
Koha item type Libros
956 ## - LOCAL ELECTRONIC LOCATION AND ACCESS (OCLC)
Nombre de host VMATEO
Campo enlazado y núm. de secuencia 10
Número de acceso 20170118
Información de compresión BPMSU
Trayectoria 0069
Existencias
Withdrawn status Lost status Source of classification or shelving scheme Damaged status Not for loan Collection code Home library Current library Date acquired Source of acquisition Total Checkouts Barcode Date last seen Price effective from Koha item type
    Dewey Decimal Classification     Colección Juvenil General Biblioteca Pública Metropolitana Salomé Ureña Biblioteca Pública Metropolitana Salomé Ureña 01/18/2017 Agencia de Cooperación Internacional de Japón   BPMET17010728 01/18/2017 01/18/2017 Libros